[Event "Festival Carnevale d'Europa"]
[Site "Cento ITA"]
[Date "2011.02.10"]
[Round "6"]
[White "Brunello, Marina"]
[Black "Monducci, Mirko"]
[WhiteElo "2155"]
[BlackElo "1925"]
[Result "1-0"]
[PlyCount "95"]
[EventDate "2011.02.05"]

1. e4 c6 2. d4 d5 3. e5 Bf5 4. Nd2 e6 5. Nb3 Nd7 6. Be3 h6 7. Nf3 Bh7 8. Be2
Ne7 9. O-O Nf5 10. c3 Be7 11. h3 Nxe3 12. fxe3 O-O 13. Nc1 c5 14. Nd3 Bxd3 15.
Bxd3 c4 16. Bc2 b5 17. Qe1 g6 18. Nh2 Kg7 19. e4 Nb6 20. Ng4 dxe4 21. Qxe4 Qe8
22. Rf3 h5 23. Nf6 Bxf6 24. exf6+ Kh7 25. Qe5 Rh8 26. Qxh5+ Kg8 27. Qg4 Rh7 28.
Raf1 Kh8 29. h4 Qg8 30. Rh3 Rh5 31. Qe4 Qh7 32. Bd1 Rh6 33. Qe5 Rxh4 34. Rff3
Kg8 35. Rxh4 Qxh4 36. Rh3 Nd7 37. Rxh4 Nxe5 38. dxe5 a5 39. Kf2 Rc8 40. Ke3 Rc5
41. Re4 Rd5 42. Bc2 a4 43. a3 Kh7 44. Rd4 Rxe5+ 45. Be4 Kh6 46. Rd7 Rc5 47.
Rxf7 Kg5 48. Kd4 1-0

[Event "Festival Carnevale d'Europa"]
[Site "Cento ITA"]
[Date "2011.02.10"]
[Round "6"]
[White "Brunello, Sabino"]
[Black "Gromovs, Sergejs"]
[WhiteElo "2540"]
[BlackElo "2284"]
[Result "1-0"]
[PlyCount "61"]
[EventDate "2011.02.05"]

1. g3 f5 2. Bg2 Nf6 3. d4 g6 4. b3 Bg7 5. Bb2 O-O 6. Nf3 a5 7. c4 Ne4 8. Nc3 c5
9. Qc2 Nxc3 10. Bxc3 Nc6 11. dxc5 e5 12. e4 Qe7 13. O-O Qxc5 14. exf5 gxf5 15.
Rad1 e4 16. Bxg7 Kxg7 17. Nh4 Ne7 18. Qd2 Ra6 19. Qg5+ Kh8 20. Bxe4 Re6 21. Bd5
Re2 22. Rde1 Rxe1 23. Rxe1 Nxd5 24. cxd5 Qxd5 25. Re7 Qd1+ 26. Kg2 Qd5+ 27. f3
Qg8 28. Qh6 Rf7 29. Ng6+ Qxg6 30. Re8+ Qg8 31. Rxg8+ 1-0

[Event "Festival Carnevale d'Europa"]
[Site "Cento ITA"]
[Date "2011.02.10"]
[Round "6"]
[White "Burani, Eugenio"]
[Black "Pierangeli, Andrea"]
[WhiteElo "1874"]
[BlackElo "1964"]
[Result "1/2-1/2"]
[PlyCount "101"]
[EventDate "2011.02.05"]

1. e4 c5 2. Nf3 d6 3. d4 cxd4 4. Nxd4 Nf6 5. Nc3 e5 6. Ndb5 a6 7. Na3 Be7 8.
Bg5 Be6 9. Bc4 O-O 10. Bxf6 Bxf6 11. Nd5 Bxd5 12. Qxd5 Qc7 13. O-O Nd7 14. Rad1
Be7 15. Be2 b5 16. c3 Nb6 17. Qd3 Rad8 18. c4 b4 19. Nc2 a5 20. Ne3 Bg5 21. Nd5
Nxd5 22. Qxd5 Be7 23. b3 g6 24. Rd3 Kg7 25. Ra1 Qc5 26. Qxc5 dxc5 27. Rxd8 Rxd8
28. Rd1 Rd4 29. Rxd4 exd4 30. f4 Kf6 31. Kf2 g5 32. fxg5+ Ke5 33. Kf3 d3 34.
Bxd3 Kd4 35. Ke2 Bxg5 36. e5 h6 37. Bf5 Kc3 38. Bd7 Bf4 39. h3 Bxe5 40. Be8 f6
41. Bd7 Kd4 42. Bc6 h5 43. Bb7 a4 44. Kd2 a3 45. Kc2 h4 46. Ba8 Ke3 47. Bb7 f5
48. Ba8 f4 49. Bb7 Bc3 50. Ba8 f3 51. Bxf3 1/2-1/2

[Event "Festival Carnevale d'Europa"]
[Site "Cento ITA"]
[Date "2011.02.10"]
[Round "6"]
[White "Calavalle, Giulio"]
[Black "Colonnello, Piero"]
[WhiteElo "2237"]
[BlackElo "1934"]
[Result "1-0"]
[PlyCount "57"]
[EventDate "2011.02.05"]

1. e4 c5 2. Nc3 d6 3. Nge2 g6 4. Ng3 Bg7 5. Bc4 e6 6. h4 Ne7 7. h5 d5 8. Bb5+
Bd7 9. Bxd7+ Qxd7 10. d3 Nbc6 11. h6 Be5 12. f4 Bd4 13. Nce2 c4 14. Nxd4 Nxd4
15. c3 Ndc6 16. dxc4 dxc4 17. Qxd7+ Kxd7 18. Be3 Rhd8 19. Ke2 Ke8 20. e5 Nd5
21. Ne4 Kf8 22. Rad1 Nce7 23. Bc1 Ng8 24. Ng5 Ke7 25. Nxh7 f6 26. Be3 Rac8 27.
g3 Rc7 28. exf6+ Ngxf6 29. Nxf6 1-0

[Event "Festival Carnevale d'Europa"]
[Site "Cento ITA"]
[Date "2011.02.10"]
[Round "6"]
[White "Campini, Marco"]
[Black "Binder, Andrea"]
[WhiteElo "2086"]
[BlackElo "1915"]
[Result "1/2-1/2"]
[PlyCount "20"]
[EventDate "2011.02.05"]

1. e4 d6 2. d4 Nf6 3. Nc3 g6 4. Bd3 Bg7 5. Nge2 e5 6. dxe5 dxe5 7. Be3 O-O 8.
Qd2 c6 9. f3 Be6 10. h4 h5 1/2-1/2

[Event "Festival Carnevale d'Europa"]
[Site "Cento ITA"]
[Date "2011.02.10"]
[Round "6"]
[White "Cardani, Roberto"]
[Black "Traversi, Carlo"]
[WhiteElo "1947"]
[BlackElo "1661"]
[Result "1-0"]
[PlyCount "63"]
[EventDate "2011.02.05"]

1. e4 Nc6 2. Nf3 e5 3. Bb5 d6 4. d4 Bd7 5. Nc3 exd4 6. Nxd4 Nxd4 7. Qxd4 Bxb5
8. Nxb5 a6 9. Nc3 Nf6 10. Bg5 Be7 11. O-O-O O-O 12. Rhe1 b5 13. e5 Nd5 14. Bxe7
Nxe7 15. exd6 Nf5 16. Qf4 Nxd6 17. Ne4 Re8 18. Nxd6 Rxe1 19. Qxf7+ Kh8 20. Rxe1
cxd6 21. Re7 Qg8 22. f3 h6 23. Qxg8+ Kxg8 24. Rd7 Kh7 25. Rxd6 h5 26. h4 Ra7
27. Kd2 Kg8 28. c3 Kf7 29. Kc2 Ke7 30. Rg6 Kf7 31. Rg5 Rd7 32. Rxh5 1-0

[Event "Festival Carnevale d'Europa"]
[Site "Cento ITA"]
[Date "2011.02.10"]
[Round "6"]
[White "Caruso, Augusto"]
[Black "Rozentalis, Eduardas"]
[WhiteElo "2256"]
[BlackElo "2588"]
[Result "0-1"]
[PlyCount "84"]
[EventDate "2011.02.05"]

1. e4 e6 2. d4 d5 3. e5 c5 4. c3 Qb6 5. Nf3 Bd7 6. Bd3 cxd4 7. cxd4 Bb5 8. O-O
Bxd3 9. Qxd3 Nc6 10. Na3 Nge7 11. Bd2 Nf5 12. Nc2 h5 13. a3 Be7 14. b4 Rc8 15.
Rad1 a6 16. Bc1 Qb5 17. Qd2 a5 18. Ne3 g6 19. bxa5 Nxa5 20. Qa2 Nh4 21. Nxh4
Bxh4 22. Bd2 Nc6 23. Bb4 Nxb4 24. Qb3 Be7 25. axb4 O-O 26. Rb1 Rc7 27. Qd1 Rc3
28. Qf3 Bg5 29. Qg3 Bh6 30. Rfe1 Rfc8 31. Qh4 Rd3 32. h3 Qb6 33. Red1 Rxd1+ 34.
Rxd1 Qxb4 35. Ng4 hxg4 36. Qxh6 Qa4 37. Rd3 Qc2 38. Re3 Qd2 39. hxg4 Rc1+ 40.
Kh2 Qxf2 41. Qg5 Qg1+ 42. Kg3 Rf1 0-1

[Event "Festival Carnevale d'Europa"]
[Site "Cento ITA"]
[Date "2011.02.10"]
[Round "6"]
[White "Castellano, Alfonso"]
[Black "Carletti, Davide M."]
[WhiteElo "1928"]
[BlackElo "1702"]
[Result "1-0"]
[PlyCount "119"]
[EventDate "2011.02.05"]

1. c4 e5 2. g3 Nf6 3. Bg2 Bc5 4. Nc3 d6 5. e3 O-O 6. Nge2 c6 7. d4 exd4 8. exd4
Bb6 9. O-O d5 10. c5 Bc7 11. Qd3 b6 12. Re1 bxc5 13. dxc5 Na6 14. Be3 Nb4 15.
Qd2 Be5 16. a3 Na6 17. b4 Nc7 18. Bd4 Nd7 19. f4 Bf6 20. Bxf6 Nxf6 21. Nd4 Bd7
22. Nf3 a5 23. Ne5 axb4 24. axb4 Rb8 25. Rab1 Na6 26. Na4 Ng4 27. Nxd7 Qxd7 28.
Nb6 Qd8 29. Qe2 Nf6 30. Qxa6 Re8 31. Qd3 Qc7 32. Qd2 Ne4 33. Bxe4 dxe4 34. Rbd1
f5 35. Qa2+ Qf7 36. Qxf7+ Kxf7 37. Rd7+ Kg8 38. Kf2 h6 39. Ra1 Kh7 40. Raa7 Rg8
41. Rdc7 Rbd8 42. Nd7 Kh8 43. Rxc6 Rge8 44. b5 e3+ 45. Ke2 Re4 46. Rd6 Rde8 47.
Ne5 Rb4 48. b6 Rb2+ 49. Kxe3 g5 50. Rxh6+ Kg8 51. Rg6+ Kh8 52. Rxg5 Rb1 53. b7
Rb3+ 54. Kd4 Rd8+ 55. Kc4 Rb1 56. Nf7+ Kh7 57. Nxd8 Kh6 58. Ne6 Rxb7 59. Rg6+
Kh5 60. Rxb7 1-0

[Event "Festival Carnevale d'Europa"]
[Site "Cento ITA"]
[Date "2011.02.10"]
[Round "6"]
[White "Cocchi, Andrea"]
[Black "Lapenna, Antonio"]
[WhiteElo "2281"]
[BlackElo "2137"]
[Result "1/2-1/2"]
[PlyCount "85"]
[EventDate "2011.02.05"]

1. e4 g6 2. d4 c6 3. Nc3 d5 4. Nf3 dxe4 5. Nxe4 Bg7 6. Bc4 Nf6 7. Nxf6+ exf6 8.
O-O O-O 9. Bf4 Nd7 10. h3 Nb6 11. Bb3 Re8 12. Qd2 Be6 13. Bxe6 Rxe6 14. Rfe1
Qd7 15. Rxe6 Qxe6 16. b3 Qd7 17. Re1 Re8 18. Rxe8+ Qxe8 19. Qa5 Nc8 20. Qc7 b6
21. c4 Bf8 22. Bg3 Be7 23. d5 cxd5 24. cxd5 Qd8 25. Qb7 Bc5 26. Nd2 Nd6 27.
Bxd6 Qxd6 28. Ne4 Qf4 29. d6 Bxd6 30. Nxd6 Qxd6 31. Qxa7 Kg7 32. Qa6 Qb4 33.
Qe2 Qc3 34. g3 h5 35. Kg2 Qd4 36. a4 Qd5+ 37. Qf3 Qc5 38. Qe4 Qa5 39. Qd4 Qa8+
40. Kg1 Qc6 41. h4 Qc1+ 42. Kh2 Qc6 43. b4 1/2-1/2

[Event "Festival Carnevale d'Europa"]
[Site "Cento ITA"]
[Date "2011.02.10"]
[Round "6"]
[White "Delchev, Aleksander"]
[Black "Danielian, Elina"]
[WhiteElo "2629"]
[BlackElo "2454"]
[Result "1/2-1/2"]
[PlyCount "98"]
[EventDate "2011.02.05"]

1. d4 d5 2. Nf3 Nf6 3. c4 c6 4. Nc3 e6 5. Bg5 Nbd7 6. e3 Qa5 7. cxd5 Nxd5 8.
Qd2 Bb4 9. Rc1 h6 10. Bh4 b6 11. Bd3 Ba6 12. O-O O-O 13. Bxa6 Qxa6 14. Qe2 Qxe2
15. Nxe2 Rfc8 16. Rfd1 f5 17. Bg3 Be7 18. Ne5 Nxe5 19. Bxe5 Kf7 20. Kf1 c5 21.
dxc5 Bxc5 22. Nd4 Be7 23. Ke2 Bf6 24. Bxf6 Kxf6 25. Nc6 Ne7 26. Nxe7 Kxe7 27.
e4 Rxc1 28. Rxc1 Kd6 29. Ke3 Rf8 30. f4 fxe4 31. Kxe4 Rf5 32. Rc3 Ra5 33. a3
Ra4+ 34. Ke3 e5 35. fxe5+ Kxe5 36. Rc7 Kf6 37. Rd7 h5 38. h3 g6 39. g3 Kf5 40.
Kf3 a6 41. Rd6 b5 42. h4 Ra5 43. Rd5+ Ke6 44. Rc5 Ra4 45. Rc6+ Kf5 46. Rd6 Ra5
47. Rb6 Ra4 48. Rc6 Ra5 49. Rc5+ Kf6 1/2-1/2

[Event "Festival Carnevale d'Europa"]
[Site "Cento ITA"]
[Date "2011.02.10"]
[Round "6"]
[White "Fierro Baquero, Martha Lorena"]
[Black "Casadei, Mauro"]
[WhiteElo "2363"]
[BlackElo "2166"]
[Result "1-0"]
[PlyCount "73"]
[EventDate "2011.02.05"]

1. e4 e5 2. Nf3 Nc6 3. Bb5 a6 4. Ba4 Nf6 5. d3 b5 6. Bb3 Be7 7. O-O O-O 8. Re1
Bb7 9. Nc3 d6 10. a3 Re8 11. Ng5 Rf8 12. f4 Nd4 13. Ba2 Qd7 14. Ne2 Nxe2+ 15.
Qxe2 Rae8 16. Bd2 exf4 17. Bxf4 Qg4 18. Qxg4 Nxg4 19. c3 Ne5 20. Rad1 h6 21.
Nf3 Nxf3+ 22. gxf3 g5 23. Be3 Kh7 24. b4 f5 25. Be6 Bc8 26. exf5 Bxe6 27. fxe6
Rxf3 28. Kg2 g4 29. Bd4 c5 30. Bf2 Ref8 31. Bg1 Kg6 32. Re4 h5 33. bxc5 dxc5
34. d4 Rxc3 35. d5 Rc2+ 36. Kh1 Bd6 37. e7 1-0

[Event "Festival Carnevale d'Europa"]
[Site "Cento ITA"]
[Date "2011.02.10"]
[Round "6"]
[White "Govoni, Fausto"]
[Black "Godena, Michele"]
[WhiteElo "2203"]
[BlackElo "2541"]
[Result "0-1"]
[PlyCount "82"]
[EventDate "2011.02.05"]

1. e4 e5 2. Nc3 Nf6 3. Bc4 Nc6 4. d3 Na5 5. Nf3 d6 6. a3 Nxc4 7. dxc4 Be7 8.
Qd3 c6 9. Bg5 h6 10. Bxf6 Bxf6 11. O-O-O Be6 12. h4 Qb6 13. Qe2 Qc5 14. Nd2 Be7
15. g3 a6 16. f4 f6 17. b4 Qd4 18. Qd3 b5 19. Qxd4 exd4 20. Ne2 c5 21. f5 Bf7
22. Nf4 bxc4 23. c3 dxc3 24. Nb1 cxb4 25. axb4 Rb8 26. Nd5 Bxd5 27. Rxd5 Rxb4
28. Nxc3 Kf7 29. Kc2 Rhb8 30. Ra1 Rb2+ 31. Kd1 R8b3 32. Rc1 Rg2 33. Ne2 Re3 34.
Rd2 Rxe4 35. Ke1 d5 36. Kf1 Rh2 37. Rcc2 Re5 38. Kg1 c3 39. Kxh2 cxd2 40. Rxd2
Rxf5 41. Nf4 Bd6 0-1

[Event "Festival Carnevale d'Europa"]
[Site "Cento ITA"]
[Date "2011.02.10"]
[Round "6"]
[White "Korneev, Oleg"]
[Black "Ansell, Simon T."]
[WhiteElo "2576"]
[BlackElo "2423"]
[Result "1/2-1/2"]
[PlyCount "53"]
[EventDate "2011.02.05"]

1. e4 c5 2. c3 b6 3. d4 Bb7 4. Nd2 cxd4 5. cxd4 Nf6 6. Bd3 g6 7. Ngf3 Bg7 8.
O-O O-O 9. Re1 d6 10. Nf1 Nc6 11. Ng3 Nd7 12. Be3 Rc8 13. Qd2 e5 14. Bg5 Bf6
15. Bh6 Re8 16. d5 Nd4 17. Nxd4 exd4 18. Rad1 Ne5 19. Bb5 Re7 20. Bg5 Rec7 21.
Bxf6 Qxf6 22. f4 Ng4 23. e5 Qh4 24. Nf1 Rc2 25. Qxd4 dxe5 26. fxe5 R8c5 27. Re2
1/2-1/2

[Event "Festival Carnevale d'Europa"]
[Site "Cento ITA"]
[Date "2011.02.10"]
[Round "6"]
[White "La Bella, Roberto"]
[Black "Jakovljevic, Vlado"]
[WhiteElo "2138"]
[BlackElo "2394"]
[Result "0-1"]
[PlyCount "84"]
[EventDate "2011.02.05"]

1. e4 c5 2. Nf3 d6 3. d4 cxd4 4. Nxd4 Nf6 5. Nc3 a6 6. Bg5 e6 7. f4 Nbd7 8. Qf3
Qc7 9. O-O-O Be7 10. g4 h6 11. Bxf6 Bxf6 12. h4 Qb6 13. Nb3 Be7 14. Be2 Nc5 15.
Kb1 Bd7 16. f5 O-O-O 17. Nd2 Qc7 18. Qe3 Kb8 19. Nf3 Bf6 20. fxe6 fxe6 21. e5
Be7 22. g5 Na4 23. exd6 Bxd6 24. Nxa4 Bxa4 25. b3 Bc6 26. Rhf1 Bf4 27. Qxe6
Rde8 28. Qc4 Be4 29. Qxc7+ Kxc7 30. Nd4 hxg5 31. hxg5 Bxg5 32. Bd3 Bf6 33. Nf5
Bxd3 34. Rxd3 Kb8 35. Rd7 Rd8 36. Rf7 Rhf8 37. Rxf8 Rxf8 38. Ne3 Rd8 39. Rd1
Rxd1+ 40. Nxd1 Kc7 41. c4 Bd4 42. Kc2 Kd6 0-1

[Event "Festival Carnevale d'Europa"]
[Site "Cento ITA"]
[Date "2011.02.10"]
[Round "6"]
[White "Malloni, Marcello"]
[Black "Litrico, Paolo"]
[WhiteElo "2285"]
[BlackElo "1954"]
[Result "1/2-1/2"]
[PlyCount "46"]
[EventDate "2011.02.05"]

1. d4 f5 2. Nc3 Nf6 3. Bg5 d5 4. Bxf6 exf6 5. e3 Be6 6. Bd3 Qd7 7. h4 h5 8. Qf3
Nc6 9. a3 O-O-O 10. Nh3 Ne7 11. O-O-O Kb8 12. Nf4 Bf7 13. Kb1 c6 14. Qh3 g6 15.
Na4 Nc8 16. Nxg6 Bxg6 17. Qg3+ Bd6 18. Qxg6 Ne7 19. Qxf6 Rdf8 20. Qg7 Rfg8 21.
Qf7 Rf8 22. Qg7 Rfg8 23. Qf7 Rf8 1/2-1/2

[Event "Festival Carnevale d'Europa"]
[Site "Cento ITA"]
[Date "2011.02.10"]
[Round "6"]
[White "Modder, Frank"]
[Black "Astengo, Corrado"]
[WhiteElo "1926"]
[BlackElo "2146"]
[Result "1/2-1/2"]
[PlyCount "59"]
[EventDate "2011.02.05"]

1. d4 d5 2. Nf3 Nf6 3. c4 e6 4. Nc3 c6 5. Bg5 Be7 6. e3 Nbd7 7. cxd5 exd5 8.
Bd3 O-O 9. O-O Re8 10. Rb1 a5 11. Nd2 Nf8 12. Bxf6 Bxf6 13. Qc2 Bg4 14. Be2
Bxe2 15. Nxe2 Qd6 16. Rfc1 g6 17. Nf3 Ne6 18. Ne1 Bg7 19. Nd3 Qb8 20. Nc5 Nxc5
21. Qxc5 Bf8 22. Qc2 Bd6 23. h3 f5 24. Re1 f4 25. exf4 Bxf4 26. Nxf4 Qxf4 27.
Qc3 Rf8 28. Re2 Rae8 29. Rbe1 Rxe2 30. Rxe2 1/2-1/2

[Event "Festival Carnevale d'Europa"]
[Site "Cento ITA"]
[Date "2011.02.10"]
[Round "6"]
[White "Mogranzini, Roberto"]
[Black "Romanishin, Oleg M."]
[WhiteElo "2425"]
[BlackElo "2534"]
[Result "1/2-1/2"]
[PlyCount "45"]
[EventDate "2011.02.05"]

1. c4 e5 2. g3 Nf6 3. Bg2 d5 4. cxd5 Nxd5 5. Nc3 Nb6 6. Nf3 Nc6 7. O-O Be7 8.
a3 Be6 9. b4 Nd4 10. Rb1 Nxf3+ 11. Bxf3 c6 12. b5 O-O 13. bxc6 bxc6 14. Bxc6
Rc8 15. Bg2 Qd7 16. a4 Rfd8 17. a5 Nd5 18. Nxd5 Bxd5 19. Bxd5 Qxd5 20. d3 Qxa5
21. Rb7 Bc5 22. Qb3 Rc7 23. Rb5 1/2-1/2

[Event "Festival Carnevale d'Europa"]
[Site "Cento ITA"]
[Date "2011.02.10"]
[Round "6"]
[White "Necesito, Donald"]
[Black "Maietti, Luca"]
[WhiteElo "1437"]
[BlackElo "1945"]
[Result "1-0"]
[PlyCount "75"]
[EventDate "2011.02.05"]

1. d4 d5 2. c4 dxc4 3. Nc3 a6 4. a4 e5 5. Nf3 exd4 6. Nxd4 c5 7. Nf3 Qxd1+ 8.
Nxd1 Nc6 9. e4 Nb4 10. Ne3 Be6 11. Ng5 Nd3+ 12. Bxd3 cxd3 13. Nxe6 fxe6 14. O-O
Rd8 15. Rd1 Bd6 16. Nc4 Bc7 17. a5 Rd4 18. b3 Rxe4 19. f3 Re2 20. Ba3 Be5 21.
Nxe5 Rxe5 22. Bb2 Rg5 23. Rxd3 Nf6 24. Bxf6 gxf6 25. Rad1 O-O 26. Rd6 e5 27.
R1d5 Rg7 28. Rxc5 Re7 29. Rc4 Kf7 30. Kf2 Rfe8 31. Ke3 Re6 32. Rd5 R6e7 33. g4
Ke6 34. Ke4 Kf7 35. Kf5 h5 36. Rd6 Re6 37. Rc7+ R6e7 38. Ke4 1-0

[Event "Festival Carnevale d'Europa"]
[Site "Cento ITA"]
[Date "2011.02.10"]
[Round "6"]
[White "Nonni, Alessio"]
[Black "Castelli, Antonio"]
[WhiteElo "1924"]
[BlackElo "1684"]
[Result "1-0"]
[PlyCount "39"]
[EventDate "2011.02.05"]

1. d4 d5 2. Nf3 Nf6 3. e3 e6 4. Bd3 Bd6 5. b3 b6 6. Bb2 Bb7 7. Nbd2 Nbd7 8. O-O
O-O 9. Ne5 Bxe5 10. dxe5 Ne4 11. Bxe4 dxe4 12. Qg4 Nc5 13. Rfd1 Qc8 14. Nf1 Rd8
15. Ng3 g6 16. Qg5 Rd5 17. Nh5 Qd8 18. Nf6+ Kh8 19. Rxd5 Bxd5 20. Qh6 1-0

[Event "Festival Carnevale d'Europa"]
[Site "Cento ITA"]
[Date "2011.02.10"]
[Round "6"]
[White "Piscopo, Pierluigi"]
[Black "Naumkin, Igor"]
[WhiteElo "2406"]
[BlackElo "2499"]
[Result "1/2-1/2"]
[PlyCount "34"]
[EventDate "2011.02.05"]

1. e4 e5 2. Nf3 Nc6 3. Bb5 a6 4. Ba4 Nf6 5. O-O Be7 6. Re1 b5 7. Bb3 d6 8. c3
O-O 9. h3 Na5 10. Bc2 c5 11. d3 Nc6 12. Nbd2 Re8 13. Nf1 h6 14. Ng3 Bf8 15. a4
Rb8 16. axb5 axb5 17. d4 exd4 1/2-1/2

[Event "Festival Carnevale d'Europa"]
[Site "Cento ITA"]
[Date "2011.02.10"]
[Round "6"]
[White "Salvador, Roland"]
[Black "Caprio, Guido"]
[WhiteElo "2533"]
[BlackElo "2272"]
[Result "1-0"]
[PlyCount "92"]
[EventDate "2011.02.05"]

1. c4 Nf6 2. Nc3 c5 3. g3 e6 4. Bg2 d5 5. cxd5 exd5 6. d3 Be7 7. Qb3 Nc6 8. Bg5
Be6 9. Rc1 O-O 10. Bxf6 Bxf6 11. Qxb7 Qa5 12. Qxc6 Rac8 13. Qd6 d4 14. Bh3 dxc3
15. bxc3 Bxc3+ 16. Kf1 Rfd8 17. Qe7 Bf6 18. Qb7 Rb8 19. Qf3 Qd2 20. Qe3 Bxh3+
21. Nxh3 Qxa2 22. Qxc5 Bd4 23. Qc4 Qd2 24. Nf4 g5 25. Nh5 Re8 26. Rc2 Qb4 27.
Kg2 a5 28. e3 Bb2 29. Qd5 Qb7 30. Qxb7 Rxb7 31. Rxb2 Rxb2 32. Nf6+ Kf8 33. Nxe8
Kxe8 34. Ra1 Rb5 35. g4 Ke7 36. Kf3 Ke6 37. Ra4 Kd5 38. d4 Ke6 39. Ke4 f5+ 40.
gxf5+ Rxf5 41. f3 Rb5 42. h3 h6 43. Rc4 Kd7 44. d5 Rb2 45. Rc6 Rb4+ 46. Ke5 Rh4
1-0

[Event "Festival Carnevale d'Europa"]
[Site "Cento ITA"]
[Date "2011.02.10"]
[Round "6"]
[White "Scalcione, Michelangelo"]
[Black "Vezzani, Stefano"]
[WhiteElo "2344"]
[BlackElo "2168"]
[Result "1-0"]
[PlyCount "78"]
[EventDate "2011.02.05"]

1. Nf3 f5 2. c4 Nf6 3. g3 g6 4. d4 Bg7 5. b4 O-O 6. Bb2 c6 7. Nbd2 d6 8. Qb3
Kh8 9. a4 Be6 10. b5 Nbd7 11. Bg2 Bg8 12. O-O Qc7 13. a5 e5 14. e3 e4 15. Ne1
a6 16. b6 Qd8 17. Ba3 Qe7 18. Nc2 c5 19. f3 exf3 20. Bxf3 Ne4 21. Nxe4 fxe4 22.
Bg2 Rxf1+ 23. Bxf1 Rc8 24. Rd1 Be6 25. Bb2 Rf8 26. Bg2 Bg4 27. Rf1 Rxf1+ 28.
Kxf1 h5 29. Ne1 Bf5 30. Kg1 h4 31. Qc2 h3 32. Bf1 Kh7 33. Qe2 Qg5 34. Qf2 Bh6
35. Nc2 Qe7 36. Be2 Qe6 37. d5 Qe7 38. g4 Bg7 39. Bxg7 Qxg7 1-0

[Event "Festival Carnevale d'Europa"]
[Site "Cento ITA"]
[Date "2011.02.10"]
[Round "6"]
[White "Setti, Roberto"]
[Black "Pelyushenko, Vladyslav"]
[WhiteElo "1939"]
[BlackElo "1784"]
[Result "1-0"]
[PlyCount "93"]
[EventDate "2011.02.05"]

1. c4 g6 2. d4 Bg7 3. Nc3 Nf6 4. e4 d6 5. f4 O-O 6. Nf3 Nbd7 7. Be2 c6 8. O-O
Qc7 9. e5 Ne8 10. Ng5 dxe5 11. fxe5 Nb6 12. a4 a5 13. Qb3 h6 14. c5 Nd5 15.
Nxd5 cxd5 16. Nf3 Be6 17. Bf4 Rb8 18. Rac1 b6 19. c6 Qc8 20. Nd2 Nc7 21. Nb1
Kh7 22. Nc3 Qd8 23. Nb5 g5 24. Bg3 Rc8 25. Bd3+ Kg8 26. Bb1 Nxb5 27. Qd3 Re8
28. axb5 Rc7 29. Rf2 f6 30. Qh7+ Kf8 31. exf6 exf6 32. Bxc7 Qxc7 33. Rxf6+ Bf7
34. Rf5 Bxd4+ 35. Kh1 Re6 36. Rcf1 Re7 37. Qxh6+ Bg7 38. Qxg5 Re5 39. Rxf7+
Qxf7 40. Rxf7+ Kxf7 41. Bg6+ Ke6 42. Qg4+ Kd6 43. h4 Re1+ 44. Kh2 Be5+ 45. g3
Re3 46. h5 Rxg3 47. Qxg3 1-0

[Event "Festival Carnevale d'Europa"]
[Site "Cento ITA"]
[Date "2011.02.10"]
[Round "6"]
[White "Valenti, Giuseppe"]
[Black "Cavatorta, Fosco"]
[WhiteElo "2133"]
[BlackElo "1917"]
[Result "1-0"]
[PlyCount "81"]
[EventDate "2011.02.05"]

1. b3 e5 2. Bb2 d6 3. d3 f5 4. g3 Nf6 5. Bg2 Be7 6. e3 O-O 7. Ne2 c6 8. c4 a5
9. Nbc3 Na6 10. Rc1 Nc5 11. d4 exd4 12. Nxd4 Nfe4 13. O-O Qe8 14. Qc2 Bg5 15.
Rfe1 Qg6 16. Rcd1 Bd7 17. a3 Nxc3 18. Bxc3 Ne4 19. Bb2 Rae8 20. b4 axb4 21.
axb4 c5 22. bxc5 dxc5 23. Nf3 Bc6 24. Ne5 Qe6 25. Nxc6 bxc6 26. Rd3 Rd8 27.
Red1 Rxd3 28. Rxd3 h5 29. f3 Nd6 30. f4 Bf6 31. Bxc6 Qe7 32. Bd5+ Kh7 33. Qe2
g6 34. Ba3 Rc8 35. Rb3 Rc7 36. Rb6 Ne4 37. Re6 Qd8 38. Bb2 Nc3 39. Qd3 Nxd5 40.
Bxf6 Qa8 41. Qxd5 1-0

[Event "Festival Carnevale d'Europa"]
[Site "Cento ITA"]
[Date "2011.02.10"]
[Round "6"]
[White "Valguarnera, Girolamo"]
[Black "De Santis, Alessio"]
[WhiteElo "2164"]
[BlackElo "2289"]
[Result "0-1"]
[PlyCount "74"]
[EventDate "2011.02.05"]

1. e4 b6 2. d4 Bb7 3. Nd2 e6 4. Ngf3 g6 5. Bd3 Bg7 6. O-O Ne7 7. Qe2 O-O 8. Re1
d6 9. c3 c5 10. dxc5 bxc5 11. Nc4 d5 12. exd5 Nxd5 13. Bg5 Qc7 14. Nfe5 Nc6 15.
Nxf7 Rxf7 16. Qxe6 Nf4 17. Bxf4 Qxf4 18. Nd6 Nd8 19. Qe8+ Rf8 20. Nxb7 Qxf2+
21. Kh1 Nxb7 22. Qe6+ Kh8 23. Rab1 Rad8 24. Qh3 Qf7 25. Qg3 c4 26. Bf1 Nc5 27.
Be2 Ne4 28. Qh4 Nf2+ 29. Kg1 Nd3 30. Rf1 Qe6 31. Bxd3 cxd3 32. Rfe1 Qb6+ 33.
Kh1 d2 34. Red1 Qf2 35. Qc4 Rde8 36. h4 Re1+ 37. Kh2 Be5+ 0-1

[Event "Festival Carnevale d'Europa"]
[Site "Cento ITA"]
[Date "2011.02.10"]
[Round "6"]
[White "Vesce, Emanuele"]
[Black "Arnetta, Maria Teresa"]
[WhiteElo "1875"]
[BlackElo "2071"]
[Result "1/2-1/2"]
[PlyCount "84"]
[EventDate "2011.02.05"]

1. e4 e6 2. Nc3 d5 3. Nf3 d4 4. Ne2 c5 5. c3 Nc6 6. cxd4 cxd4 7. Qa4 Bc5 8. b4
Bb6 9. b5 Nce7 10. Nexd4 Nf6 11. Be2 Nxe4 12. O-O Nf6 13. Bb2 O-O 14. Ne5 Ned5
15. Ndf3 Nd7 16. Nxd7 Bxd7 17. Ne5 a6 18. Nxd7 Qxd7 19. Qg4 f5 20. Qf3 axb5 21.
Rfe1 Kh8 22. Qb3 b4 23. Bc4 Nf4 24. Qg3 Bc7 25. Qe3 Qc6 26. Bf1 Rfe8 27. Rac1
Qd6 28. Rxc7 Qxc7 29. Be5 Nd5 30. Bxc7 Nxe3 31. Rxe3 Rxa2 32. Rb3 Rc8 33. Be5
Ra4 34. Rg3 Rg8 35. Bc4 Ra3 36. Kf1 Rxg3 37. hxg3 Rc8 38. d3 b5 39. Bb3 Ra8 40.
Bb2 Ra6 41. Ke2 Kg8 42. Ke3 Kf7 1/2-1/2

[Event "Festival Carnevale d'Europa"]
[Site "Cento ITA"]
[Date "2011.02.10"]
[Round "6"]
[White "Vezzelli, Francesco"]
[Black "Zoldan, Matteo"]
[WhiteElo "1905"]
[BlackElo "2195"]
[Result "0-1"]
[PlyCount "42"]
[EventDate "2011.02.05"]

1. e4 c5 2. Nf3 d6 3. d4 cxd4 4. Nxd4 Nf6 5. f3 e5 6. Ne2 d5 7. exd5 Qxd5 8.
Qxd5 Nxd5 9. Bd2 Bf5 10. c4 Nb4 11. Bxb4 Bxb4+ 12. Nbc3 Nc6 13. g4 Be6 14. b3
O-O-O 15. Rd1 e4 16. Bg2 Ne5 17. O-O Bc5+ 18. Kh1 Rxd1 19. Rxd1 exf3 20. Bxf3
Nxf3 21. h3 h5 0-1

[Event "Festival Carnevale d'Europa"]
[Site "Cento ITA"]
[Date "2011.02.10"]
[Round "6"]
[White "Yurenok, Maria S."]
[Black "Umudova, Nargiz"]
[WhiteElo "2092"]
[BlackElo "2246"]
[Result "0-1"]
[PlyCount "80"]
[EventDate "2011.02.05"]

1. d4 Nf6 2. c4 c5 3. d5 b5 4. a4 bxc4 5. Nc3 d6 6. e4 g6 7. Bxc4 Bg7 8. f4 O-O
9. Nf3 Nfd7 10. a5 Ba6 11. Qe2 Bxc4 12. Qxc4 Qc8 13. O-O Na6 14. Re1 Nb4 15.
Re2 Qc7 16. Nd1 Rfe8 17. Bd2 Rab8 18. Bc3 Nf6 19. Nd4 Qb7 20. Nc2 Nxc2 21. Rxc2
Qb3 22. Qxb3 Rxb3 23. Nf2 Nd7 24. Bxg7 Kxg7 25. Kf1 Reb8 26. Ra2 R8b4 27. Re2
Rd4 28. g3 Rbb4 29. Kg2 Nf6 30. Kf3 Kf8 31. Ra3 Ra4 32. Ree3 Rxa3 33. Rxa3 Rb4
34. b3 Ke8 35. g4 h5 36. g5 Ng4 37. Nxg4 hxg4+ 38. Ke3 Kd7 39. Kd3 Kc7 40. Ke3
Kb7 0-1